• 首页
  • 本馆介绍
  • 公告通知
  • 最新文献
  • 馆藏检索
  • 电子资源
  • 读者导购
  • 参考咨询
  • 我的图书馆
  • 登录
  • 详细信息显示
  • 放入我的书架
  • 预约/预借图书
  • 作者相关作品
  • 分类相关作品
  • 丛书相关作品
  • 出版社相关作品

书目信息

  • 表格格式
  • 工作单格式
  • 卡片格式
题名:
文化:社会学的视野
    
 
作者: 美约翰.R.霍尔 玛丽·乔·尼兹
分册:  
出版信息: 北京   商务印书馆  2002
页数: 518页
开本: 20cm
丛书名:
单 册:
中图分类: B506
科图分类:
主题词: 哲学--欧洲
电子资源:
ISBN: 7-100-03363-2
000 00603nam0 2200181 450
001 0728815141
005 20070819080015.14
010    @a7-100-03363-2@d¥25.00
100    @a20070819d km y0chiy0120 ea
101 0  @achi
200 1  @a文化:社会学的视野@Awen hua:she hui xue de shi ye@f[美]约翰.R.霍尔 玛丽.乔.尼兹@F[mei]yue han.R.huo er ma li.qiao.ni zi
210    @a北京@c商务印书馆@d2002
215    @a518页@d20cm
606 0  @a哲学@x欧洲
690    @aB506@v3
701  0 @a美约翰.R.霍尔 玛丽·乔·尼兹@Amei yue han.R.huo er ma li·qiao·ni zi
801  0 @aCN@bPFT@c20070819
905    @a213230@dB506@eZW286@f1
    
    文化:社会学的视野/[美]约翰.R.霍尔 玛丽.乔.尼兹.-北京:商务印书馆,2002
    518页;20cm
    
    
    ISBN 7-100-03363-2:¥25.00
    
●
相关链接 在E读中查询图书 在五车中查询图书 在当当中查询图书 在豆瓣中查询图书


正题名:文化:社会学的视野     索取号:B506/ZW286         预约/预借

序号 登录号 条形码 馆藏地/架位号 状态 备注
1 7600431   276004315   密集书库-文学院/ [索取号:B506/ZW286] 在馆    
唐山师范学院图书馆 欢迎您!
大连网信软件有限公司© 版权所有